| 000 | 00716nam a22002055i 4500 | ||
|---|---|---|---|
| 001 | 151932 | ||
| 003 | ES-MaACL | ||
| 005 | 20230906204444.0 | ||
| 008 | 020912s1889 fr |||| | fre d | ||
| 100 | 1 |
_aBergson, Henri. _928013 |
|
| 245 | 1 | 0 |
_aEssai sur les données immédiates de la conscience / _cpar Henri Bergson. |
| 260 |
_aParis : _bFélix Alcan, _c1889 ( _eAngers : _fImp. A. Burdin et Cie.) |
||
| 300 |
_aVIII, 182 p. ; _c22 cm. |
||
| 490 | 1 | _aBibliothèque de philosophie contemporaine | |
| 650 | 4 |
_aConciencia. _911241 |
|
| 752 |
_aFrancia - _dParís |
||
| 830 | 1 |
_aBibliothèque de philosophie contemporaine _9181027 |
|
| 852 |
_aES-MaACL _jB-6198 _z- Enc. pasta española |
||
| 999 |
_c151932 _d151932 |
||